000
00232nam a22001097a 4500
082
_a
SHA
100
_a
Sharif Ali M
245
_a
Ideological orientation of Pakistan
260
_b
Quaid-I- Azam
_c
1976
300
_a
182
942
_c
BK
999
_c
12076
_d
12076